ბათუმის შოთა რუსთაველის სახელმწიფო უნივერსიტეტის ბიბლიოთეკა

ფიზიკის კურსი (ბიბ.ჩანაწერი № 44649)

000 -LEADER
fixed length control field 00900nam a2200229Ia 4500
001 - CONTROL NUMBER
control field 11452
003 - CONTROL NUMBER IDENTIFIER
control field GE_BSU
008 - FIXED-LENGTH DATA ELEMENTS--GENERAL INFORMATION
fixed length control field 181216s||||||||xx |||||||||||||| ||und||
040 ## - CATALOGING SOURCE
Transcribing agency GE_BSU
100 ## - MAIN ENTRY--PERSONAL NAME
Personal name ჯაფარიძე,ვლ.
245 ## - TITLE STATEMENT
Title ფიზიკის კურსი
245 ## - TITLE STATEMENT
Remainder of title ნაწ.1.სახემძღვ.საშუალო სპეც.სასწავლებლებისათვის.
245 ## - TITLE STATEMENT
Statement of responsibility, etc. რედ:მ.ბაზაძე.
250 ## - EDITION STATEMENT
Edition statement მე-3 გადამუშ.გამოც.
260 ## - PUBLICATION, DISTRIBUTION, ETC.
Place of publication, distribution, etc. თბილისი
260 ## - PUBLICATION, DISTRIBUTION, ETC.
Name of publisher, distributor, etc. განათლება
260 ## - PUBLICATION, DISTRIBUTION, ETC.
Date of publication, distribution, etc. 1984
300 ## - PHYSICAL DESCRIPTION
Extent 392გვ;22სმ.
300 ## - PHYSICAL DESCRIPTION
Other physical details ილ.
653 ## - INDEX TERM--UNCONTROLLED
Uncontrolled term ფიზიკის კურსი.ნაწ.1. სახემძღვ.საშუალო სპეც.სასწავლებლებისათვის.
942 ## - ADDED ENTRY ELEMENTS (KOHA)
Koha item type წიგნი
ეგზემპლარები
Withdrawn status Lost status Damaged status Not for loan Date acquired Barcode Date last seen Price effective from Koha item type
        2018-12-17 20243 2018-12-17 2018-12-17 წიგნი
        2018-12-17 20244 2018-12-17 2018-12-17 წიგნი